<The> regulation of monopoly

Guardado en:
Detalles Bibliográficos
Autor principal: Sherman, Roger
Formato: Libro
Lenguaje:inglés
Publicado: Cambridge Cambridge University Press 1989
Materias:
Etiquetas: Agregar Etiqueta
Sin Etiquetas, Sea el primero en etiquetar este registro!

MARC

LEADER 00000nam a2200000 4500
001 c040442
005 20240111123322.1
020 |a 0-521-36862-6 
041 0 |a eng 
044 |a GB 
245 1 0 |a <The> regulation of monopoly  |c Roger Sherman 
264 1 |a Cambridge  |b Cambridge University Press  |c 1989 
300 |a 315 s. 
610 2 0 |a monopoly 
610 2 0 |a politika hospodárska 
610 2 0 |a ekonómia blahobytu 
610 2 0 |a regulácia 
610 2 0 |a konkurencia 
610 2 0 |a politika cenová 
610 2 0 |a tvorba cien 
610 2 0 |a podnik verejný 
100 1 |a Sherman, Roger